000 00434nam a2200181Ia 4500
001 18854
003 IN-NITTTR
005 20251114233218.0
008 251113s9999||||xx |||||||||||||| ||eng||
040 _beng
040 _cIN-NITTTR
041 _aeng
082 _a668.14 D28S
100 _aDavidsohn, A. H.
245 0 _aSynthetic detergents. /
_cDavidsohn, A. H., Milwidsky, B.
700 _a Milwidsky, B.
942 _2ddc
_cBK
999 _c21488
_d21488